000 00488nam a22001457a 4500
999 _c118248
_d118248
005 20200818181336.0
008 200818b ||||| |||| 00| 0 eng d
020 _a9781848727328
040 _cPK-LaUMT
082 _a616.8552
_bISS-
245 _aIssues in bilingual aphasia :
_bAphasiology : an international interdisciplinary journal [vol.34, no.2, February 2010] /
_cedited by Brendan S. Weekes
260 _aNew York :
_bPsychology Press,
_c2010
300 _a124-324 p.
942 _cBK